Statistiques concernant Quizlendrier de l'Avent #10 - La dinde dans l'Histoire (et dans les histoires)

Cliquez ici pour prendre le quiz!

Statistiques générales

  • Ce quiz a été pris 59 fois
  • Le résultat moyen est 7 sur 15

Statistiques - réponses

IndicePersonnage% Correct
Il a récemment gracié deux dindons pour Thanksgiving,
comme le veut la tradition étatsunienne
Joe Biden
82%
Célèbre chat de fiction vorace, qui est pourtant le Dindon de la farce
au cours de sa cinquante-quatrième apparition bédéesque
Garfield
80%
Premier Roi de France à présenter de la dinde à son banquet de mariage,
fils et successeur de François Ier
Henri II
70%
Il aurait ramené la dinde en Europe, bien que son nom rappelle
un autre volatile
Christophe Colomb
66%
Président américain qui officialisa le Thanksgiving Day, cause d'un génocide
de dindes annuel
George Washington
64%
Si sa SCEP était plutôt spécialisée dans le poulet, il n'en reste pas moins
bien souvent le dindon de la farce des affaires d'espionnage
OSS 117
59%
Légende lyonnaise de la gastronomie française qui affirmait que « la grande
cuisine, ce peut être une dinde bouillie »
Paul Bocuse
54%
Chanteuse française ayant joué dans La Dinde, mais plus connue pour le 6 janvier
et ses Rois Mages que pour le 25 décembre et sa dinde aux marrons
Sheila
48%
Dinde duchesse qu'épousa justement ce dernierCatherine de Médicis
34%
Auteur du Dindon, pièce de théâtre adaptée deux fois cinématographiquementGeorges Feydeau
29%
Peintre préromantique espagnol à l'origine de la nature morte
à la Dinde plumée
Francisco Goya
27%
Il souhaitait faire de la dinde l'animal national du pays dont
il est l'un des Pères Fondateurs
Benjamin Franklin
25%
Lui aussi y aurait participé, même s'il ressemblait apparemment plus
à un serpent à plumes
Hernán Cortès
9%
Protagoniste du film Drôles de dindes, portant le même prénom que Fils-Aimé,
ex-Président emblématique de Nintendo of America
Reggie
9%
Dindon cuisinier associé à la Fête des Récoltes, assimilable à Thanksgiving,
dans la série vidéoludique Animal Crossing
Dindou
5%

Distribution des résultats

Percentile par nombre de réponses

% des personnes avec chaque résultat

Votre développement - résultats

Vous n’avez pas pris ce quiz